000 00495nam a2200193Ia 4500
003 GCL
008 140319s9999 xx 000 0 eng d
040 _aGCL /
_cGCL
082 0 4 _a382.909
_bC F
100 1 _aCAIN, PETER
245 1 0 _aFREE TRADE AND PROTECTION /
_cCAIN, PETER
260 _a[S.N] :
_bROUTLEDGE \ THOEMMES PRESS ،
_c1996
650 0 4 _aTRADE
650 0 4 _aFREE TRADE
650 0 4 _aECONOMICS
650 0 4 _aINTERNATIONAL TRADE
650 0 4 _aPROTECTIONISM
942 _2ddc
_cBK
999 _c14171
_d14171